000 00550nam a2200181Ia 4500
005 20250508151056.0
008 008 250505s9999 xx 000 0 eng d
037 _aTextual
040 _aFEDL
_beng
_cFEDL
041 _aeng
_2eng
084 _a840.0017, HAT
_qFEDL
100 _aHatzfeld Helmut A
_9758343
245 0 _aLiterature through art: A new approach to French literature
260 _aNew York, USA
_bOxford University Press
_c1952
300 _axiii,247p.
942 _cTEXL
_h840.0017, HAT
999 _c1327434
_d1327434